| 000 | 00366nam a2200133Ia 4500 | ||
|---|---|---|---|
| 008 | 151021s9999 xx 000 0 und d | ||
| 020 | _a373218176 | ||
| 050 | _aPS 648 .L6O54 2004 | ||
| 245 | _a_The Man behind the Mask Christine Rimmer | ||
| 260 | _aNew York Silhonette books 2004 | ||
| 300 | _a298p. | ||
| 650 | _a_novel | ||
| 980 | _a^d20130211 10:07:49^oanne | ||
| 999 |
_c12854 _d12854 |
||